000 00847nam a22002657a 4500
001 BR9509099
003 BR-BrBNA
005 20230928095123.0
007 ta
008 230509b bl.||||| |||| 00| 0 por d
040 _aBR-BrBNA
_bpor
_cBiblioteca Nacional de Agricultura
041 _a(Por)
072 _aQ52; Q54
_b8951
090 _ 8951 BR9509099
100 1 _aVilela, H.
110 1 _aConselho Nacional de Desenvolvimento da Pecuaria, Brasilia, DF (Brasil)
_92664
245 1 _aPrograma de pastagens sob tecnicas modernas. Programas de avaliacao e ajustamento de tecnologia e metodologia de projetos. Feno e fenacao
260 3 _aBrasilia, DF (Brasil):
_c1975.
300 _a38 p.
500 _aBibliograph p. 35-38
650 _aFeno
650 _aTecnologia de Alimento
909 _a202309
_bLucia
_c55
_dLucia Elande
942 _cBK
999 _c54647
_d54647